Daños por frio en el pimiento de Almería: evaluación y posibles soluciones
Збережено в:
| Автори: | , , , , , |
|---|---|
| Формат: | Книга |
| Мова: | Іспанська |
| Опубліковано: |
Almería
FIAPA
1992
|
| Серія: | Cuadernos de Divulgación. Serie: Monografías sobre Proyectos, 9
|
| Предмети: | |
| Теги: |
Додати тег
Немає тегів, Будьте першим, хто поставить тег для цього запису!
|
MARC
| LEADER | 00000nam a2200000 a 4500 | ||
|---|---|---|---|
| 001 | UCQ3556 | ||
| 003 | CL-VaPUC | ||
| 008 | 980821e19920000SP |||||||||||||||||spa|d | ||
| 082 | 0 | 4 | |a 635.643 |b QUE |2 21 |
| 100 | 0 | |a Quesada, M. A |e author |9 417777 | |
| 700 | 0 | |a Mercado, J. A |e author |9 417778 | |
| 700 | 0 | |a Cantwell, Marita |e author |9 417779 | |
| 700 | 0 | |a Pliego, F |e author |9 417780 | |
| 700 | 0 | |a Reid, M |e author |9 417781 | |
| 700 | 0 | |a Valpuesta, V |e author |9 417782 | |
| 245 | 1 | 0 | |a Daños por frio en el pimiento de Almería: evaluación y posibles soluciones |
| 300 | |a 59 p | ||
| 942 | |c BK | ||
| 945 | |d 19980821 00:00:00 |a mvenant | ||
| 260 | |a Almería |b FIAPA |c 1992 | ||
| 650 | 0 | |a Pimiento |9 325628 | |
| 650 | 0 | |a Enfermedades de las plantas |9 259687 | |
| 650 | 0 | |a Cultivo |9 264268 | |
| 650 | 0 | |a Fisiología vegetal |9 260158 | |
| 583 | |a last modification |c 19980821 00:00:00 |k Rodrigo Vera | ||
| 490 | 0 | |a Cuadernos de Divulgación. Serie: Monografías sobre Proyectos, 9 | |
| 999 | |c 274083 |d 274081 | ||